01018nam a22003131 4500001001500000003000900015005001700024008004100041016001600082017000900098035000600107040002200113080000600135082001300141100003200154240002300186245010500209260003300314300002200347490002300369700002400392700003800416830002000454942001200474945002700486952013600513956003800649999001700687bimo0001608572DO-SdBNP20180205153546.0000401s1965 sp spa 7 a z 2BPMSU a b  a  aBPMSUbspacBPMSU 0a  aXXXbXXX1 aWölfel, Ursulad1922-2014 aJuliuslEspañol 14aLas travesuras de Julio /h ctraducción, Adriana Matons de Malagrida ; ilustraciones, Horst Lemke aBarcelona : bNoguer, c1965 a97 p.bil.c20 cm0 a Mundo mágicov 12aLemke, Horsteils. 11aMatons de Malagrida, Adrianaetr. a Mundo mágico 2ddccBK aInventariado, 2018/ YL 00102ddc40708CGaBPMETbBPMETd2017-02-24eServicio nacional de lectura l0oXXX XXXpBPMSU17020056r2017-02-24w2017-02-24yBK aVMATEOb10c20170224dBPMSUf0069 c12560d12560